• 首页
  • 本馆介绍
  • 公告通知
  • 最新文献
  • 馆藏检索
  • 电子资源
  • 读者导购
  • 参考咨询
  • 我的图书馆
  • 登录
  • 详细信息显示
  • 放入我的书架
  • 预约/预借图书
  • 作者相关作品
  • 分类相关作品
  • 丛书相关作品
  • 出版社相关作品

书目信息

  • 表格格式
  • 工作单格式
  • 卡片格式
题名:
词的释义
    
 
作者: 符淮清 著
分册:  
出版信息: 北京   北京出版社  1986
页数: 111页
开本: 19cm
丛书名: 语文小丛书
单 册:
中图分类: H146.2
科图分类:
主题词: 汉语--词类--现代
电子资源:
ISBN:
000 00653nam2 2200253 45
001 0186016948
005 20050415082504.3
010    @dCNY0.60
091    @a7071.1040
100    @a19930429d1986 em y0chiy0121 ea
101 0  @achi
102    @aCN@b110000
105    @ay z 000yy
200 10 @a词的释义@Aci de shi yi@f符淮清著@FFu Huai Qing Zhu
210    @a北京@c北京出版社@d1986
215    @a111页@d19cm
225 2  @a语文小丛书
410  0 @120010@a语文小丛书
606    @a汉语@x词类@x现代
690    @aH146.2@v3
701  0 @a符淮清@4著
801  0 @aCN@b深圳图书馆@c20050414
801  2 @aCN@bNLC@c20050414
905    @f1@b176398@dH146.2@e114
    
    词的释义/符淮清著.-北京:北京出版社,1986
    111页;19cm.-(语文小丛书)
    
    
    ISBN :CNY0.60
    
●
相关链接 在E读中查询图书 在五车中查询图书 在当当中查询图书 在豆瓣中查询图书


正题名:词的释义     索取号:H146.2/114         预约/预借

序号 登录号 条形码 馆藏地/架位号 状态 备注
1 0176398   002024605   第四借阅区/ [索取号:H146.2/114] 在馆    
2 0176399   000861008   第二样本阅览室/ [索取号:H146.2/114] 在馆    
唐山师范学院图书馆 欢迎您!
大连网信软件有限公司© 版权所有